Bozeş sedimentary unit (Apuseni Mts., Romania) geochemical constraints on provenance and tectonic setting /
Elmentve itt :
| Szerzők: | |
|---|---|
| Testületi szerző: | |
| Dokumentumtípus: | Cikk |
| Megjelent: |
Department of Mineralogy, Geochemistry and Petrology, University of Szeged
Szeged
2012
|
| Sorozat: | Acta mineralogica-petrographica
7 Acta mineralogica-petrographica : abstract series 7 |
| Kulcsszavak: | Geokémia - előadáskivonat, Földtan - előadáskivonat, Kőzettan - előadáskivonat, Ásványtan - előadáskivonat |
| Tárgyszavak: | |
| Online Access: | http://acta.bibl.u-szeged.hu/33081 |
| LEADER | 01178nab a2200253 i 4500 | ||
|---|---|---|---|
| 001 | acta33081 | ||
| 005 | 20260212143043.0 | ||
| 008 | 161017s2012 hu o 000 eng d | ||
| 022 | |a 0365-8066 | ||
| 040 | |a SZTE Egyetemi Kiadványok Repozitórium |b hun | ||
| 041 | |a eng | ||
| 100 | 1 | |a Zaharia Luminiţa | |
| 245 | 1 | 0 | |a Bozeş sedimentary unit (Apuseni Mts., Romania) |h [elektronikus dokumentum] : |b geochemical constraints on provenance and tectonic setting / |c Zaharia Luminiţa |
| 260 | |a Department of Mineralogy, Geochemistry and Petrology, University of Szeged |b Szeged |c 2012 | ||
| 300 | |a 156 | ||
| 490 | 0 | |a Acta mineralogica-petrographica |v 7 | |
| 490 | 0 | |a Acta mineralogica-petrographica : abstract series |v 7 | |
| 650 | 4 | |a Természettudományok | |
| 650 | 4 | |a Föld- és kapcsolódó környezettudományok | |
| 695 | |a Geokémia - előadáskivonat, Földtan - előadáskivonat, Kőzettan - előadáskivonat, Ásványtan - előadáskivonat | ||
| 700 | 0 | 1 | |a Socaciu A. |e aut |
| 700 | 0 | 1 | |a Bǎlc R. |e aut |
| 710 | |a Mineral Sciences in the Carpathians Conference (5.) (2012) (Miskolc) | ||
| 856 | 4 | 0 | |u http://acta.bibl.u-szeged.hu/33081/1/mineralogica_as_007_156.pdf |z Dokumentum-elérés |